000 00961pam a2200253 a 4500
001 2959715
005 19911209134447.8
008 910415s1992 caua 001 0 eng
010 _a 91015887
020 _a0321269810
040 _aDLC
_cDLC
_dDLC
050 0 0 _aQA76.76.O63
_bD38 1991
082 0 0 _a005.43
_220
_bDAV
100 1 _aDavis, William S.,
_d1943-
245 1 0 _aOperating systems :
_ba systematic view /
_cWilliam S. Davis.
250 _a6th ed.
260 _aRedwood, Calif. :
_bAddison-Wesley,
_cc2005..
300 _axiv, 672 p. :
_bill. ;
_c25 cm.
500 _aIncludes index.
650 0 _aOperating systems (Computers)
942 _2ddc
_cBB
999 _c10773
_d10773